Normal view MARC view
  • Muhammad Ammar

Entry Personal Name

Number of records used in: 2

001 - CONTROL NUMBER

  • control field: 48096

003 - CONTROL NUMBER IDENTIFIER

  • control field: NUST

005 - DATE AND TIME OF LATEST TRANSACTION

  • control field: 20210314133956.0

008 - FIXED-LENGTH DATA ELEMENTS

  • fixed length control field: 210314|| aca||aabn | a|a d

040 ## - CATALOGING SOURCE

  • Original cataloging agency: NUST
  • Transcribing agency: NUST

100 ## - HEADING--PERSONAL NAME

  • Personal name: Muhammad Ammar

670 ## - SOURCE DATA FOUND

  • Source citation: Work cat.: (NUST): Muhammad Ammar, Enhancement of Flexural Strength of A Steel Beam By the Applilcation of External Axial Load
© 2023 Central Library, National University of Sciences and Technology. All Rights Reserved.